000 00695nam a2200253Ia 4500
999 _c14535
_d14535
003 0100
005 20180309091558.0
008 130303s9999 xx 000 0 und d
020 _a330262688
040 _cARRUPELIB
050 _aDT962.75.M471980
100 _aMeredith, Martin
_926407
245 4 _aThe past is another country:
_bRhodesia, UDI to Zimbabwe /
250 _aRev.
260 _aLondon
_bPan
_c1980
300 _a429p. 18cm
650 _aNational liberation movements
_zZimbabwe
_914781
650 _aZimbabwe
_xPolitics
_y1965-1980
_926452
650 _aZimbabwe
_xHistory
_926453
_yTo 1980
700 _aMartin Meredith
_926408
942 _2lcc
_cMONOGRAPH